| 000 | 00336nam a22001337a 4500 | ||
|---|---|---|---|
| 020 | _a9788120737143 | ||
| 082 |
_a664 _bRAH/TE |
||
| 100 |
_aRaheena Begum _9458 |
||
| 245 | _aA Text Book of Foods, Nutrition and Dietetics | ||
| 250 | _a3 | ||
| 260 |
_aNew Delhi _bSterling Publishers Private Limited _c2013 |
||
| 300 | _a352 | ||
| 942 | _cBK | ||
| 999 |
_c14324 _d14324 |
||